Sports Quiz

Random Sports or NHL Quiz
Score 0/7 Timer 04:00
0 Plays Today
Years Backup % Correct
1993-2001*Chris Terreri
80.5%
2001-2009*Scott Clemmensen
80%
2010-2013Johan Hedberg
79%
2007-2009Kevin Weekes
63.5%
1995-2004*Corey Schwab
49%
1996-1998Mike Dunham
37%
2009-2010Yann Danis
28.5%
Remove Ads.
Support Sporcle.
Get the best of Sporcle when you Go Orange. This ad-free experience offers more features, more stats, and more fun while also helping to support Sporcle. Thank you for becoming a member.

You're not logged in!

Compare scores with friends on all Sporcle quizzes.
OR
Log In

Show Comments

Extras

Top Quizzes Today


Score Distribution

Your Account Isn't Verified!

In order to create a playlist on Sporcle, you need to verify the email address you used during registration. Go to your Sporcle Settings to finish the process.

Report this User

Report this user for behavior that violates our Community Guidelines.

Details: